| 000 | 01023cab a2200217 4500 | ||
|---|---|---|---|
| 001 | WB2808-28 | ||
| 008 | 090401t1992 xxu||||| |||| 00| 0 eng d | ||
| 035 | _a(Sirsi) u39441 | ||
| 041 | _aeng | ||
| 245 | _aSecure tenancy | ||
| 260 | _c1992 | ||
| 350 | _a0 | ||
| 490 |
_aEstates Gazette Case Summaries _v1992 EGCS 12(1) (15 February 1992) |
||
| 520 | _aIn "Barwick and another v Kent CC" CA 29 January 1992, an appeal for a declaration that B were entitled to exercise the right to buy a dwelling house, in which they were secure tenants, under the Housing Act 1985 s118, was upheld. Dismissed the landlord`s claim that the house fell within the curtilage of the fire station with reference to "Dyer v Dorset CC". CA applied the test of whether in a conveyance the one would pass with the other without further question. | ||
| 650 | _aCURTILAGE | ||
| 650 | _aHOUSING ACT 1985 S118 | ||
| 650 | _aRIGHT TO BUY | ||
| 690 | _aLANDLORD AND TENANT-CASE LAW-RESIDENTIAL TENANCIES | ||
| 942 | _n0 | ||
| 948 | _c04/03/1997 | ||
| 999 |
_c25323 _d25323 |
||